LEADER 02305nam 2200517I 450 001 9911026153003321 005 20241116060244.0 010 $a9789587391121 010 $a9587391128 035 $a(CKB)4100000009373254 035 $a(OCoLC)1120137552 035 $a(NyNyDIG)DIGBOSQUE0018 035 $a(MiAaPQ)EBC31779204 035 $a(Au-PeEL)EBL31779204 035 $a(Perlego)1580974 035 $a(EXLCZ)994100000009373254 100 $a20211114d2018 uy 0 101 0 $aspa 135 $aur||||||||||| 181 $ctxt$2rdacontent 182 $cc$2rdamedia 183 $acr$2rdacarrier 200 10$aManual para la administracio?n de medicamentos desde el proceso de atencio?n de enfermeri?a $eun enfoque para la seguridad del paciente /$fAlexandra Mari?n Morales [and 3 others] 205 $aPrimera edicio?n. 210 1$aBogota?, D.C., Colombia :$cEditorial Universidad El Bosque,$d[2018] 215 $a1 online resource 311 08$a9789587391114 311 08$a958739111X 320 $aIncludes bibliographical references. 330 8 $aLa administracio?n de medicamentos es una de las intervenciones de cuidado ma?s frecuentes que realiza el campo de la enfermeri?a en su rol profesional, y por tanto, de gran impacto para la salud y calidad de vida de la poblacio?n. En ese sentido, toma relevancia en el cuidado farmacoterape?utico y en la atencio?n de enfermeri?a segura y confiable, para lo cual se presenta este manual como una gui?a que, a partir de herramientas disciplinares, fundamenta de manera cienti?fica y ordenada unas pautas claras para la realizacio?n de esta labor. 606 $aDrugs$xAdministration$vHandbooks, manuals, etc 606 $aNursing services$vHandbooks, manuals, etc 606 $aPharmacology$vHandbooks, manuals, etc 606 $aPatients$xCare$vHandbooks, manuals, etc 615 0$aDrugs$xAdministration 615 0$aNursing services 615 0$aPharmacology 615 0$aPatients$xCare 676 $a615.6 700 $aMari?n Morales$b Alexandra$01847206 801 0$bDGITA 801 1$bDGITA 906 $aBOOK 912 $a9911026153003321 996 $aManual para la administracio?n de medicamentos desde el proceso de atencio?n de enfermeri?a$94432669 997 $aUNINA